000 00312nam a2200133Ia 4500
008 260604s9999 xx 000 0 und d
020 _a9780143332480
082 _a823.91 BON
100 _aRUSKIN
_935374
245 0 _aTHICK AS THIEVES TALES OF FRIENDSHIP
260 _bPEN
500 _aFriendship
942 _cBK
999 _c8171
_d8171